| 000 | 01338cam a22002771ia4500 | ||
|---|---|---|---|
| 003 | SA-RiAUC | ||
| 005 | 20241013133853.0 | ||
| 008 | 241013s1983 ua b g 00000 ara c | ||
| 040 |
_aSA-RiKSU _bara _cSA-RiAUC _erda |
||
| 043 | _aa-su--- | ||
| 050 | 4 | _b.M56 1983 | |
| 082 | 0 | 4 |
_a953.101 _qSA-RiAUC |
| 090 |
_a953.101 _bم ن و |
||
| 245 | 0 | 0 |
_aمن وثائق الدولة السعودية الأولى في عصر محمد علي 1222-1234 هـ / 1807-1819 م / _cاختيار وإعداد وتحقيق عبد الرحيم عبد الرحمن عبد الرحيم. |
| 264 | 1 |
_aالقاهرة : _bدار الكتاب الجامعي، _c1983 |
|
| 300 |
_a2 مجلد : _bخرائط ؛ _c24 سم. |
||
| 336 |
_aنص _btxt _2rdacontent _3كتاب |
||
| 337 |
_aبدون وسيط _bn _2rdamedia |
||
| 338 |
_aمجلد _bnc _2rdacarrier |
||
| 490 | 0 |
_aمن تاريخ شبه الجزيرة العربية في العصر الحديث ؛ _v2 |
|
| 651 | 7 |
_aالسعودية _xتاريخ _yالدولة السعودية الأولى، 1157-1233 هجري _2aucsh |
|
| 651 | 7 |
_aالسعودية _xتاريخ _yالحكم العثماني، 922-1214 هجري. _2aucsh |
|
| 700 | 1 |
_aعبد الرحيم، عبد الرحيم عبد الرحمن، _d1936-2005 _eجامع. |
|
| 942 |
_2ddc _cBOOK _n0 |
||
| 949 |
_aSA-JeALM _d241013 _umohamedma123 _n1 |
||
| 999 |
_c1259 _d1259 |
||